000 00208nam a2200097Ia 4500
008 220204s9999 xx 000 0 und d
082 _a82-3
_bHEA
100 _aHeaps, Leo
245 0 _aQuebec plot
942 _cBK
999 _c35247
_d35247